000 00689nam a2200253Ia 4500
003 OSt
005 20221005071346.0
006 a|||||r|||| 00| 0
007 ta
008 221004b |||||||| |||| 00| 0 eng d
020 _a8173052034
024 _a75795
037 _cTextual
040 _aCRL
_cCRL
_beng
041 _2eng
_aeng
082 _aV25222, P1
100 _aDubey D P
_9147733
245 0 _aPrayaga
_b The site of Kumbha mela in temporal and traditional space
260 _aNew Delhi
_bAryan Books International India
_c2001
300 _a182p.
_ccm.
650 _aHISTORY
942 _hV25222, P1
_cTEXL
_2cc
999 _c977670
_d977670